[Event "XXIX Miedzynarodowy Festiwal Szachowy CRACOVIA-2018 Grupa A"]
[Site "?"]
[Date "2018.12.29"]
[Round "3.45"]
[White "Chyzy, Jakub"]
[Black "Chmiel, Marcin"]
[Result "1/2-1/2"]
[WhiteElo "2045"]
[BlackElo "2247"]
[PlyCount "96"]
[EventDate "2018.??.??"]

1. e4 Nf6 2. Nc3 e5 3. Nf3 Nc6 4. d4 Bb4 5. d5 Ne7 6. Bd2 O-O 7. Bd3 d6 8. h3
Ng6 9. Ne2 Bxd2+ 10. Qxd2 Nxe4 11. Bxe4 f5 12. Bd3 e4 13. Nfd4 exd3 14. Qxd3
Qg5 15. Qg3 Qxg3 16. fxg3 Bd7 17. Kf2 Rae8 18. Rad1 f4 19. g4 Ne5 20. b3 c5 21.
dxc6 bxc6 22. Nf3 Nxf3 23. gxf3 Re6 24. Nd4 Re5 25. Rhe1 Rxe1 26. Rxe1 h5 27.
Rd1 hxg4 28. hxg4 g5 29. Ne2 Rf6 30. c4 Rh6 31. Nc3 Kf7 32. Ne4 Ke7 33. Kg2 Re6
34. Rd2 Rg6 35. a4 c5 36. Re2 Kd8 37. Re1 Bc6 38. Rh1 Bxe4 39. fxe4 Kc7 40.
Rh7+ Kb6 41. Re7 a6 42. e5 dxe5 43. Rxe5 Rd6 44. Rxg5 Rd3 45. Rg8 Ka5 46. Rb8
Rc3 47. Kf2 Rg3 48. Rb7 Rxg4 1/2-1/2

[Event "XXIX Miedzynarodowy Festiwal Szachowy CRACOVIA-2018 Grupa A"]
[Site "Krakow, Hotel Galaxy, ul. Gesia 22a"]
[Date "2018.12.29"]
[Round "3.59"]
[White "Trybus, Daniel"]
[Black "Rudzinska, Michalina"]
[Result "1-0"]
[WhiteElo "1916"]
[BlackElo "2141"]
[PlyCount "49"]
[EventDate "2018.??.??"]

1. e4 c5 2. Nf3 e6 3. g3 Nc6 4. Bg2 d6 5. O-O Nf6 6. Qe2 Qc7 7. c3 Be7 8. d4
O-O 9. Na3 a6 10. dxc5 dxc5 11. Nc4 e5 12. Ne3 Rd8 13. Nh4 g6 14. Nd5 Nxd5 15.
exd5 Bxh4 16. gxh4 Ne7 17. Bg5 Kg7 18. d6 Rxd6 19. Qxe5+ f6 20. Bxf6+ Kf7 21.
Rfe1 Be6 22. Bg5 Kg8 23. Rad1 Rad8 24. Rxd6 Rxd6 25. Qf6 1-0

[Event "XXIX Miedzynarodowy Festiwal Szachowy CRACOVIA-2018 Grupa A"]
[Site "Krakow, Hotel Galaxy, ul. Gesia 22a"]
[Date "2018.12.29"]
[Round "3.63"]
[White "Mirski, Michal"]
[Black "Parol, Pola"]
[Result "1-0"]
[WhiteElo "2011"]
[BlackElo "2114"]
[PlyCount "77"]
[EventDate "2018.??.??"]

1. e4 c5 2. Nc3 Nc6 3. Nge2 g6 4. d3 Bg7 5. Be3 d6 6. Qd2 Nf6 7. Bh6 O-O 8. h4
Nd4 9. Bxg7 Kxg7 10. h5 Ng8 11. O-O-O Qa5 12. Kb1 b5 13. f4 e6 14. e5 Bb7 15.
exd6 Rad8 16. Nxd4 cxd4 17. Ne4 Qxd2 18. Rxd2 Nf6 19. h6+ Kh8 20. Nxf6 Rxd6 21.
Rg1 b4 22. g4 a5 23. Bg2 Ba6 24. Re1 Rc8 25. Re5 a4 26. Ra5 b3 27. axb3 axb3
28. cxb3 Rb8 29. Ka2 Bb5 30. Rc2 Bxd3 31. Rc7 g5 32. Rxf7 Bg6 33. Rg7 e5 34.
fxe5 d3 35. exd6 d2 36. Ra8 Bb1+ 37. Ka3 Rxa8+ 38. Bxa8 d1=Q 39. Rg8# 1-0

[Event "XXIX Miedzynarodowy Festiwal Szachowy CRACOVIA-2018 Grupa A"]
[Site "Krakow, Hotel Galaxy, ul. Gesia 22a"]
[Date "2018.??.??"]
[Round "3.29"]
[White "Jansen, Bob"]
[Black "Lewicki, Miroslaw"]
[Result "1/2-1/2"]
[WhiteElo "2192"]
[BlackElo "2347"]
[PlyCount "92"]
[EventDate "2018.??.??"]

1. d4 Nf6 2. Nf3 e6 3. e3 b6 4. b3 Bb7 5. Bb2 Be7 6. Bd3 O-O 7. O-O c5 8. dxc5
bxc5 9. c4 Nc6 10. Nc3 d5 11. cxd5 exd5 12. Rc1 d4 13. exd4 Nxd4 14. Nxd4 cxd4
15. Nb5 Qd5 16. f3 Rad8 17. Kh1 Qh5 18. Rc7 Ba6 19. g4 Qh4 20. Rxe7 Nxg4 21.
Re2 Ne3 22. Qe1 Qh5 23. a4 Nxf1 24. Qxf1 Bb7 25. Be4 Bxe4 26. Rxe4 d3 27. Nd4
d2 28. Qd1 Qh3 29. Rg4 Rfe8 30. Qxd2 g6 31. Rg3 Qh4 32. Kg2 Rd5 33. Qf2 Rh5 34.
h3 Rg5 35. Rg4 Qh5 36. Qg3 Rc5 37. Qf2 f5 38. Rg3 f4 39. Rg4 Qe5 40. Ne6 Qxe6
41. Qxc5 Qe2+ 42. Qf2 Qd3 43. Bd4 Re2 44. Bxa7 Rxf2+ 45. Bxf2 Qxb3 46. Rxf4 Qd5
1/2-1/2

[Event "XXIX Miedzynarodowy Festiwal Szachowy CRACOVIA-2018 Grupa A"]
[Site "Krakow, Hotel Galaxy, ul. Gesia 22a"]
[Date "2018.??.??"]
[Round "3.33"]
[White "Strybuk, Artsiom I"]
[Black "Chomczyk, Marek"]
[Result "1-0"]
[WhiteElo "2172"]
[BlackElo "2294"]
[PlyCount "75"]
[EventDate "2018.??.??"]

1. d4 Nf6 2. c4 e6 3. Nc3 Bb4 4. e3 O-O 5. Nge2 d5 6. a3 Be7 7. cxd5 exd5 8. g3
c6 9. Bg2 Bf5 10. O-O Re8 11. f3 Bf8 12. g4 Bg6 13. Nf4 Bd6 14. h4 Nbd7 15. h5
Bxf4 16. exf4 Bxh5 17. Qd3 Bxg4 18. fxg4 Nxg4 19. Bd2 f5 20. Qxf5 Qh4 21. Rf3
Ndf6 22. Bh3 h6 23. Kg2 Re7 24. Rg3 Nf2 25. Kxf2 Rf8 26. Rh1 Nh5 27. Qxh5 Qxh5
28. Be6+ Rxe6 29. Rxh5 Kh7 30. Re5 Ref6 31. Re7 R6f7 32. Rxf7 Rxf7 33. Ke2 h5
34. Rg5 g6 35. Kf3 b5 36. Na2 Re7 37. Nb4 Re6 38. Nd3 1-0

[Event "XXIX Miedzynarodowy Festiwal Szachowy CRACOVIA-2018 Grupa A"]
[Site "Krakow, Hotel Galaxy, ul. Gesia 22a"]
[Date "2018.??.??"]
[Round "3.35"]
[White "Praczukowski, Stanislaw"]
[Black "Kulkarni, Bhakti"]
[Result "0-1"]
[WhiteElo "2155"]
[BlackElo "2283"]
[PlyCount "126"]
[EventDate "2018.??.??"]

1. d4 d5 2. c4 e6 3. Nf3 a6 4. cxd5 exd5 5. Nc3 c6 6. Qc2 Be7 7. Bf4 Nf6 8. h3
O-O 9. e3 Re8 10. Bd3 Nbd7 11. O-O Nf8 12. Rab1 Ng6 13. Bh2 a5 14. a3 Bd6 15.
Bxd6 Qxd6 16. b4 axb4 17. axb4 b5 18. Rfc1 Bd7 19. Qb3 Ra6 20. Ra1 Rea8 21.
Rxa6 Rxa6 22. Bxg6 hxg6 23. Ne5 Bf5 24. f3 Nd7 25. Nxd7 Qxd7 26. Ne2 Qa7 27.
Qc3 Bd7 28. Nf4 Ra3 29. Qe1 Be8 30. Rc3 Ra1 31. Rc1 Ra3 32. Rc3 Ra2 33. Qh4 Qd7
34. Nd3 Qd6 35. Qf4 Qxf4 36. Nxf4 g5 37. Nd3 f6 38. e4 dxe4 39. fxe4 Rd2 40. d5
cxd5 41. exd5 Kf7 42. Rc7+ Kg6 43. Nc5 Rxd5 44. Ne6 f5 45. g4 fxg4 46. hxg4 Kf6
47. Nxg7 Bd7 48. Nh5+ Ke5 49. Kf2 Bxg4 50. Ng3 Kd4 51. Re7 Bd1 52. Nf1 Bb3 53.
Nd2 Rf5+ 54. Nf3+ Kc3 55. Ke3 g4 56. Nd4 Rd5 57. Re4 Bd1 58. Ne6 Rd3+ 59. Kf4
g3 60. Re1 g2 61. Nc5 Rf3+ 62. Ke5 Rf1 63. Ne4+ Kxb4 0-1

[Event "XXIX Miedzynarodowy Festiwal Szachowy CRACOVIA-2018 Grupa A"]
[Site "Krakow, Hotel Galaxy, ul. Gesia 22a"]
[Date "2018.??.??"]
[Round "3.36"]
[White "Leiter, Thomas"]
[Black "Dzierzak, Radoslaw"]
[Result "0-1"]
[WhiteElo "2151"]
[BlackElo "2283"]
[PlyCount "128"]
[EventDate "2018.??.??"]

1. d4 Nf6 2. c4 e6 3. Nc3 Bb4 4. Qc2 O-O 5. e4 Bxc3+ 6. bxc3 d6 7. Bd3 e5 8.
Ne2 c5 9. O-O Nc6 10. d5 Ne7 11. f4 exf4 12. Bxf4 Ng4 13. h3 Ne5 14. Bxe5 dxe5
15. Qd2 Ng6 16. Qe3 Qd6 17. Rf2 Bd7 18. Raf1 f6 19. Qg3 Kh8 20. h4 Ne7 21. h5
Ng8 22. h6 Nxh6 23. Qh4 Rab8 24. Ng3 b5 25. cxb5 Ng4 26. Rf3 c4 27. Be2 Rxb5
28. Kh1 Qc5 29. Nf5 Bxf5 30. Rxf5 Nh6 31. Rh5 Rb2 32. Bf3 Qe3 33. Rd1 Qxc3 34.
Rxh6 gxh6 35. Qxh6 Rbb8 36. d6 Qa3 37. Bg4 Qg3 38. Bf5 Qg7 39. Qd2 Qg5 40. Qxg5
fxg5 41. Rd5 c3 42. Rc5 Rbd8 43. Rxc3 Rxd6 44. Rc7 Ra6 45. Rxh7+ Kg8 46. Re7
Rff6 47. Rxe5 Kg7 48. Kh2 Rxa2 49. Re7+ Kf8 50. Rh7 a5 51. Ra7 a4 52. Kh3 Rh6+
53. Kg3 Rh4 54. Ra5 Ra3+ 55. Kf2 g4 56. Ra8+ Ke7 57. e5 g3+ 58. Ke2 Rf4 59.
Ra7+ Kd8 60. Bd3 Rb4 61. e6 Rb2+ 62. Ke3 Rbb3 63. Rd7+ Ke8 64. Kd2 Rxd3+ 0-1

[Event "XXIX Miedzynarodowy Festiwal Szachowy CRACOVIA-2018 Grupa A"]
[Site "Krakow, Hotel Galaxy, ul. Gesia 22a"]
[Date "2018.??.??"]
[Round "3.37"]
[White "Dmochowska, Agnieszka"]
[Black "Ojas, Kulkarni"]
[Result "1/2-1/2"]
[WhiteElo "2151"]
[BlackElo "2282"]
[PlyCount "83"]
[EventDate "2018.??.??"]

1. d4 Nf6 2. c4 g6 3. Nc3 d5 4. cxd5 Nxd5 5. e4 Nxc3 6. bxc3 Bg7 7. Nf3 c5 8.
Rb1 O-O 9. Be2 cxd4 10. cxd4 Qa5+ 11. Bd2 Qxa2 12. O-O a5 13. Qc1 Qe6 14. Qc2
Qc6 15. Qd3 Bg4 16. h3 Bxf3 17. Bxf3 Qd7 18. e5 Nc6 19. Bxc6 bxc6 20. Qc4 Bxe5
21. dxe5 Qxd2 22. Qxc6 e6 23. Rfd1 Qf4 24. Qd6 a4 25. Ra1 Rfc8 26. g3 Qf5 27.
Rd4 Qc2 28. Qb4 a3 29. Rd2 Qc3 30. Rd8+ Rxd8 31. Qxc3 a2 32. Qc2 Rd5 33. f4
Rda5 34. Kg2 h5 35. g4 hxg4 36. hxg4 Kg7 37. Qf2 Ra4 38. Kg3 Ra3+ 39. Kg2 R8a4
40. g5 Rb4 41. Qd2 Rc4 42. Rxa2 1/2-1/2

[Event "XXIX Miedzynarodowy Festiwal Szachowy CRACOVIA-2018 Grupa A"]
[Site "Krakow, Hotel Galaxy, ul. Gesia 22a"]
[Date "2018.??.??"]
[Round "3.38"]
[White "Eggink, Mateusz"]
[Black "Marszalek, Maciej"]
[Result "0-1"]
[WhiteElo "2138"]
[BlackElo "2280"]
[PlyCount "146"]
[EventDate "2018.??.??"]

1. e4 c5 2. b3 e6 3. Bb2 b6 4. Nf3 Bb7 5. e5 a6 6. g3 d6 7. exd6 Nf6 8. Bg2
Bxd6 9. O-O O-O 10. d4 Nbd7 11. Nbd2 cxd4 12. Nc4 Bc5 13. Bxd4 Be7 14. Nb2 Nc5
15. c4 Rc8 16. b4 Ncd7 17. Qb3 Qc7 18. Rfe1 Rfd8 19. a4 a5 20. bxa5 bxa5 21.
Rac1 Nc5 22. Qe3 Ng4 23. Qc3 Bf6 24. Bxf6 Nxf6 25. Red1 Bxf3 26. Bxf3 h6 27.
Rxd8+ Rxd8 28. Rd1 Rxd1+ 29. Bxd1 Nfd7 30. Bf3 Qb6 31. Qd4 Qc7 32. Bd1 Qe5 33.
Qxe5 Nxe5 34. f4 Ned3 35. Nxd3 Nxd3 36. Kf1 Kf8 37. Ke2 Nc5 38. Ke3 Ke7 39. Kd4
Kd6 40. Bc2 f6 41. h4 e5+ 42. fxe5+ fxe5+ 43. Ke3 Ke6 44. g4 Kf6 45. Kf3 g5 46.
h5 Ke6 47. Ke3 Kd6 48. Bd1 Nd7 49. Ke4 Ke6 50. Kd3 Nf6 51. c5 Kd5 52. c6 e4+
53. Kc3 Kc5 54. Bb3 Kxc6 55. Kd4 Nxg4 56. Bd5+ Kd6 57. Bxe4 Nf6 58. Bg6 g4 59.
Bf5 g3 60. Ke3 Nxh5 61. Kf3 Kc5 62. Bc8 Kb4 63. Bd7 Nf6 64. Bb5 Ne4 65. Bc6 Nc3
66. Kxg3 Nxa4 67. Kh4 Nc3 68. Kh5 Nb5 69. Kxh6 a4 70. Kg5 a3 71. Bd5 Nd4 72.
Ba2 Kc3 73. Kf4 Kb2 0-1

[Event "XXIX Miedzynarodowy Festiwal Szachowy CRACOVIA-2018 Grupa A"]
[Site "Krakow, Hotel Galaxy, ul. Gesia 22a"]
[Date "2018.??.??"]
[Round "3.40"]
[White "Milikow, Yoav"]
[Black "Zochowski, Kacper"]
[Result "1-0"]
[WhiteElo "2130"]
[BlackElo "2271"]
[PlyCount "81"]
[EventDate "2018.??.??"]

1. d4 Nf6 2. c4 g6 3. Nc3 Bg7 4. e4 d6 5. Be2 O-O 6. Be3 e5 7. d5 Na6 8. h4 Nc5
9. Qc2 Qe8 10. Nh3 Ng4 11. Bxg4 Bxg4 12. f3 Bd7 13. O-O-O Na4 14. g4 Nxc3 15.
Qxc3 f5 16. gxf5 gxf5 17. Rdg1 Kh8 18. h5 Qe7 19. Qd2 Bf6 20. exf5 Bxf5 21. Nf2
e4 22. fxe4 Bxe4 23. Rh3 Rg8 24. Re1 Bg2 25. Bd4 Qxe1+ 26. Qxe1 Bxd4 27. Rd3
Rae8 28. Qd2 Be5 29. Re3 Bf4 30. Qd4+ Be5 31. Qh4 Rgf8 32. Nd3 Bg7 33. Rxe8
Bh6+ 34. Nf4 Rxe8 35. Qf6+ Bg7 36. Qg5 Be4 37. Ne6 Be5 38. h6 c6 39. dxc6 bxc6
40. Nd8 Rf8 41. Nf7+ 1-0

[Event "XXIX Miedzynarodowy Festiwal Szachowy CRACOVIA-2018 Grupa A"]
[Site "Krakow, Hotel Galaxy, ul. Gesia 22a"]
[Date "2018.??.??"]
[Round "3.44"]
[White "Kusnetsov, Sergey"]
[Black "Lis, Mateusz"]
[Result "1-0"]
[WhiteElo "2257"]
[BlackElo "2123"]
[PlyCount "77"]
[EventDate "2018.??.??"]

1. Nf3 Nf6 2. c4 e6 3. g3 d5 4. d4 Nbd7 5. Bg2 b6 6. Nc3 Bb4 7. O-O O-O 8. cxd5
exd5 9. Bf4 Bxc3 10. bxc3 Bb7 11. Qb3 Ne4 12. c4 Ndf6 13. Rac1 Re8 14. Ne5 c5
15. f3 Nd6 16. dxc5 bxc5 17. cxd5 Bxd5 18. Qc3 c4 19. e4 Be6 20. Rfd1 Qb6+ 21.
Be3 Nb5 22. Qe1 Qc7 23. Nxc4 Bxc4 24. Bf1 Nd6 25. Qb4 a5 26. Qa3 Ra6 27. Rxd6
Rxd6 28. Rxc4 Qd8 29. Rc5 Rd1 30. Rxa5 Re1 31. Bf2 Rb1 32. Rb5 Ra1 33. Qb3 Qc8
34. Rb7 Rf8 35. Kg2 Rxa2 36. Bc4 Kh8 37. e5 Nd7 38. Rb5 Qa8 39. Qxa2 1-0

[Event "XXIX Miedzynarodowy Festiwal Szachowy CRACOVIA-2018 Grupa A"]
[Site "Krakow, Hotel Galaxy, ul. Gesia 22a"]
[Date "2018.??.??"]
[Round "3.50"]
[White "Bombek, Peter"]
[Black "Razumovskiy, Mikhail"]
[Result "1-0"]
[WhiteElo "2205"]
[BlackElo "1974"]
[PlyCount "115"]
[EventDate "2018.??.??"]

1. d4 d5 2. c4 c6 3. cxd5 cxd5 4. Nc3 Nc6 5. Bf4 e5 6. dxe5 d4 7. Ne4 Qa5+ 8.
Nd2 Nge7 9. e4 dxe3 10. fxe3 Nd5 11. Ngf3 Nxf4 12. exf4 Be6 13. Be2 Rd8 14. a3
Qb6 15. Qc2 g6 16. Nc4 Bxc4 17. Bxc4 Nd4 18. Qa4+ Nc6 19. Qb3 Qxb3 20. Bxb3 Rd3
21. Ba4 Bc5 22. Rc1 Bb6 23. Bxc6+ bxc6 24. Rc3 Ba5 25. Ke2 Rxc3 26. bxc3 O-O
27. Kd3 Rd8+ 28. Kc2 c5 29. Rb1 c4 30. Rb5 Bb6 31. Rb4 Rc8 32. Nd2 Bg1 33. h3
Rc7 34. Rxc4 Rb7 35. Ne4 Be3 36. Nf6+ Kg7 37. Kd3 Bc1 38. Rb4 Re7 39. a4 Re6
40. h4 Ba3 41. Rb8 Bf8 42. Nxh7 Kxh7 43. Rxf8 Kg7 44. Rb8 Ra6 45. Rb4 f6 46.
Ke4 fxe5 47. Kxe5 Ra5+ 48. Ke4 Kf6 49. g4 Ke6 50. Rc4 Ra6 51. Kd4 Ra5 52. Rb4
Kd6 53. Kc4 Kc6 54. Kb3 Kc7 55. Rb5 Ra6 56. h5 gxh5 57. Rxh5 Rf6 58. Rf5 1-0

[Event "XXIX Miedzynarodowy Festiwal Szachowy CRACOVIA-2018 Grupa A"]
[Site "Krakow, Hotel Galaxy, ul. Gesia 22a"]
[Date "2018.??.??"]
[Round "3.52"]
[White "Sanz Losada, Victoriano"]
[Black "Heinzel, Olaf"]
[Result "0-1"]
[WhiteElo "2121"]
[BlackElo "2326"]
[PlyCount "74"]
[EventDate "2018.??.??"]

1. d4 Nf6 2. c4 e5 3. dxe5 Ne4 4. Nd2 Bb4 5. e3 Nc6 6. Ngf3 O-O 7. a3 Nxd2 8.
Nxd2 Be7 9. Nf3 Re8 10. b4 Bf8 11. Bb2 g6 12. h4 Bg7 13. h5 d6 14. hxg6 hxg6
15. Bd3 Nxe5 16. Nxe5 Bxe5 17. Bxe5 dxe5 18. Be4 Qe7 19. Qf3 c6 20. O-O Be6 21.
Rfc1 Kg7 22. Qg3 Qf6 23. b5 Rac8 24. bxc6 bxc6 25. Rab1 Rh8 26. f4 exf4 27.
Qxf4 Rh4 28. Qxf6+ Kxf6 29. Bd3 Rd8 30. Bf1 Rh5 31. Rb7 Ra5 32. Rc3 Rd1 33. Rc7
Rf5 34. Rxc6 Rdxf1+ 35. Kh2 Rh5+ 36. Kg3 Rg5+ 37. Kh2 Rf2 0-1

[Event "XXIX Miedzynarodowy Festiwal Szachowy CRACOVIA-2018 Grupa A"]
[Site "Krakow, Hotel Galaxy, ul. Gesia 22a"]
[Date "2018.??.??"]
[Round "3.53"]
[White "Godzwon, Iwo"]
[Black "Milikow, Elie"]
[Result "1-0"]
[WhiteElo "2323"]
[BlackElo "2083"]
[PlyCount "101"]
[EventDate "2018.??.??"]

1. d4 Nf6 2. c4 c5 3. d5 b5 4. cxb5 a6 5. e3 Bb7 6. Nc3 e6 7. dxe6 fxe6 8. Nf3
Be7 9. bxa6 Nxa6 10. Be2 O-O 11. O-O Nc7 12. Ne5 d6 13. Bf3 Bxf3 14. Nxf3 d5
15. Qe2 Qe8 16. h3 Qh5 17. a4 Ne4 18. Nxe4 dxe4 19. Nd4 Qd5 20. Nc2 Qd3 21. Re1
Rfd8 22. Kf1 Qd6 23. Kg1 Qd3 24. Ra3 Qxe2 25. Rxe2 Rd1+ 26. Re1 Rxe1+ 27. Nxe1
Rd8 28. Kf1 Rd1 29. Ra1 Bf6 30. Ke2 Rd8 31. f3 exf3+ 32. gxf3 c4 33. a5 Na6 34.
Ra4 Rc8 35. Nc2 Rb8 36. Rxc4 Bxb2 37. Bd2 Kf7 38. Nb4 Ra8 39. Nxa6 Rxa6 40.
Rc7+ Kg6 41. Rb7 Bf6 42. Rb6 Ra8 43. Rxe6 Kh5 44. Be1 Bh4 45. Bc3 Bd8 46. Re8
Rc8 47. Be1 Rb8 48. a6 Rb2+ 49. Kf1 Bh4 50. Bxh4 Kxh4 51. a7 1-0

[Event "XXIX Miedzynarodowy Festiwal Szachowy CRACOVIA-2018 Grupa A"]
[Site "Krakow, Hotel Galaxy, ul. Gesia 22a"]
[Date "2018.??.??"]
[Round "3.54"]
[White "Wikar, Martyna"]
[Black "Krishnater, Kushager"]
[Result "0-1"]
[WhiteElo "2016"]
[BlackElo "2305"]
[PlyCount "82"]
[EventDate "2018.??.??"]

1. e4 e5 2. Nf3 Nc6 3. Bc4 Nf6 4. d3 Bc5 5. c3 a6 6. Nbd2 d6 7. Bb3 O-O 8. O-O
h6 9. h3 Re8 10. Re1 Be6 11. Nf1 d5 12. d4 exd4 13. e5 Ne4 14. cxd4 Bb6 15. Be3
f6 16. Bc2 Bf7 17. N1d2 fxe5 18. Nxe5 Nxe5 19. dxe5 d4 20. Bxh6 Nxf2 21. Kxf2
Qh4+ 22. Kf1 Qxh6 23. Nf3 Rad8 24. Bd3 Bd5 25. Qc1 Qxc1 26. Raxc1 c5 27. Bc4
Bxc4+ 28. Rxc4 Ba7 29. b4 b5 30. Rxc5 Bxc5 31. bxc5 Rd5 32. Rd1 Rc8 33. Rxd4
Rxd4 34. Nxd4 Rxc5 35. Nf3 Kf7 36. g4 Rc2 37. e6+ Ke7 38. Nd4 Rxa2 39. Nf5+
Kxe6 40. Nxg7+ Ke5 41. Ke1 Rh2 0-1

[Event "XXIX Miedzynarodowy Festiwal Szachowy CRACOVIA-2018 Grupa A"]
[Site "Krakow, Hotel Galaxy, ul. Gesia 22a"]
[Date "2018.??.??"]
[Round "3.60"]
[White "Nurkiewicz, Maciej"]
[Black "Dwilewicz, Katarzyna"]
[Result "1/2-1/2"]
[WhiteElo "2359"]
[BlackElo "2027"]
[PlyCount "133"]
[EventDate "2018.??.??"]

1. d4 Nf6 2. c4 g6 3. Nc3 Bg7 4. g3 O-O 5. Bg2 d6 6. Nf3 Nbd7 7. O-O c6 8. e4
e5 9. h3 Qc7 10. Re1 Re8 11. Be3 exd4 12. Nxd4 a5 13. Qc2 Nc5 14. Rad1 h6 15.
Bf4 Nfd7 16. Be3 Nf6 17. b3 Kh7 18. Kh2 Bd7 19. Nde2 Rad8 20. Rd2 Bc8 21. Red1
b6 22. Bf4 Nb7 23. g4 Nd7 24. Bg3 Ndc5 25. Nd4 Ne6 26. Nxe6 Bxe6 27. Na4 Bc8
28. f4 Nc5 29. Nxc5 bxc5 30. e5 dxe5 31. Rxd8 Rxd8 32. Rxd8 Qxd8 33. fxe5 Qd4
34. Qe4 Qxe4 35. Bxe4 Bd7 36. Kg2 Kg8 37. Be1 a4 38. bxa4 Bxe5 39. a5 Bc7 40.
Kf3 Be6 41. Bd3 Kf8 42. Bf2 Bxa5 43. Bxc5+ Ke8 44. Be3 h5 45. gxh5 gxh5 46. h4
Kd7 47. Kf4 Bd8 48. Bf2 Kd6 49. c5+ Kc7 50. a3 Bg4 51. Bc4 f6 52. Bd3 Kb7 53.
Bf5 Bd1 54. Bd4 Ka6 55. Bd3+ Ka5 56. Be4 Ka4 57. Bxc6+ Kxa3 58. Bd7 Kb4 59. c6
Ba4 60. Kf5 Kc4 61. Bxf6 Bc7 62. Be8 Kc5 63. Be7+ Kb6 64. Bxh5 Bxc6 65. Be2 Be8
66. h5 Bxh5 67. Bxh5 1/2-1/2

[Event "XXIX Miedzynarodowy Festiwal Szachowy CRACOVIA-2018 Grupa A"]
[Site "Krakow, Hotel Galaxy, ul. Gesia 22a"]
[Date "2018.??.??"]
[Round "3.61"]
[White "Fiedorek, Michal"]
[Black "Radovic, Stefan"]
[Result "0-1"]
[WhiteElo "2178"]
[BlackElo "2019"]
[PlyCount "88"]
[EventDate "2018.??.??"]

1. e4 e6 2. d4 d5 3. Nd2 dxe4 4. Nxe4 Nd7 5. Bd3 Ngf6 6. Qe2 Be7 7. Nf3 O-O 8.
Bg5 c5 9. Nxf6+ Nxf6 10. dxc5 Qa5+ 11. Bd2 Qxc5 12. O-O-O b6 13. Kb1 Bb7 14. h4
Rac8 15. Rhg1 Bd5 16. Ne5 Rfd8 17. Bc3 b5 18. Ng4 b4 19. Nxf6+ Bxf6 20. Bxf6
gxf6 21. Qg4+ Kh8 22. Qf4 Kg7 23. b3 Bc6 24. h5 h6 25. Qg4+ Kh8 26. Qf4 Kg7 27.
Rde1 Bb5 28. Be4 f5 29. c4 bxc3 30. Bc2 Qa3 31. Qc1 Qxc1+ 32. Kxc1 Rd2 33. g4
Kf6 34. gxf5 exf5 35. f4 Rcd8 36. Re5 Bd3 37. Bxd3 R8xd3 38. Ra5 Rd7 39. Ra6+
Ke7 40. a4 Ra2 41. Kb1 Rdd2 42. Rxa7+ Kd6 43. Ra6+ Kc7 44. Ra7+ Kb6 0-1

[Event "XXIX Miedzynarodowy Festiwal Szachowy CRACOVIA-2018 Grupa A"]
[Site "Krakow, Hotel Galaxy, ul. Gesia 22a"]
[Date "2018.??.??"]
[Round "3.62"]
[White "Marusenko, Petr"]
[Black "Majek, Kacper"]
[Result "1-0"]
[WhiteElo "2163"]
[BlackElo "2011"]
[PlyCount "87"]
[EventDate "2018.??.??"]

1. d4 Nf6 2. c4 g6 3. g3 Bg7 4. Bg2 O-O 5. Nc3 d6 6. Nf3 Nbd7 7. O-O e5 8. h3
h6 9. e4 Ne8 10. Re1 c6 11. Be3 f5 12. dxe5 fxe4 13. Nxe4 dxe5 14. Qb3 Qe7 15.
Rad1 Kh7 16. Bd2 Nef6 17. Bb4 c5 18. Bc3 Nxe4 19. Rxe4 Qf7 20. Re2 Nb6 21. Nxe5
Bxe5 22. Bxe5 Be6 23. Qc3 Bxc4 24. Red2 Bxa2 25. Qxc5 Rac8 26. Qb4 Bb3 27. Ra1
Rc4 28. Qd6 Rc2 29. Rxc2 Bxc2 30. Qc7 Nc4 31. Qxf7+ Rxf7 32. Bd4 a6 33. Rc1 Bd3
34. Rc3 Nxb2 35. Rb3 b5 36. Bxb2 Bc4 37. Re3 Rd7 38. Re8 Bg8 39. Bf1 h5 40. h4
Rd1 41. Re7+ Kh6 42. Bg7+ Kh7 43. Bf6+ Kh6 44. Bg5# 1-0

[Event "XXIX Miedzynarodowy Festiwal Szachowy CRACOVIA-2018 Grupa A"]
[Site "Krakow, Hotel Galaxy, ul. Gesia 22a"]
[Date "2018.??.??"]
[Round "3.65"]
[White "Lomakin, Viktor"]
[Black "Rosol, Alexander"]
[Result "1-0"]
[WhiteElo "2106"]
[BlackElo "1972"]
[PlyCount "75"]
[EventDate "2018.??.??"]

1. d4 c5 2. d5 d6 3. c4 e5 4. Nc3 Be7 5. g3 Bg5 6. e3 f5 7. h4 Bf6 8. e4 Ne7 9.
Qa4+ Bd7 10. Qb3 Qb6 11. Qxb6 axb6 12. f3 Na6 13. a3 Nc7 14. Rb1 O-O 15. Bd3 f4
16. g4 g5 17. hxg5 Bxg5 18. Nh3 h6 19. b4 Na6 20. Ke2 cxb4 21. axb4 Kg7 22. Bd2
Rh8 23. Be1 Ng6 24. Bf2 Bd8 25. Ng1 Rc8 26. Kd2 Nf8 27. Nge2 Nh7 28. Ng1 Ng5
29. Be2 b5 30. cxb5 Nxb4 31. b6 Rxc3 32. Kxc3 Nxd5+ 33. exd5 Bf6 34. Nh3 Rc8+
35. Kb3 e4 36. Nxg5 Rc3+ 37. Kb4 hxg5 38. Rhc1 1-0

[Event "XXIX Miedzynarodowy Festiwal Szachowy CRACOVIA-2018 Grupa A"]
[Site "Krakow, Hotel Galaxy, ul. Gesia 22a"]
[Date "2018.12.29"]
[Round "3.68"]
[White "Golecki, Jan"]
[Black "Kulesza, Andrzej"]
[Result "1/2-1/2"]
[WhiteElo "2064"]
[BlackElo "2064"]
[PlyCount "173"]
[EventDate "2018.??.??"]

1. e4 e5 2. Nf3 Nc6 3. Bb5 a6 4. Ba4 Nf6 5. O-O Be7 6. c3 b5 7. Bb3 d6 8. h3
O-O 9. d4 exd4 10. cxd4 Na5 11. Bc2 c5 12. Bg5 Bb7 13. Nbd2 Nc6 14. Re1 Re8 15.
Nf1 h6 16. Be3 Nb4 17. Ng3 Nxc2 18. Qxc2 Rc8 19. d5 Bf8 20. Rad1 g6 21. Nh2 Bg7
22. f3 b4 23. Ng4 Nxg4 24. hxg4 Qa5 25. b3 Qb5 26. Rc1 a5 27. Kf2 Ba6 28. Rh1
c4 29. bxc4 Rxc4 30. Qd2 Rxc1 31. Rxc1 Bc3 32. Qd1 Qc4 33. Qb3 Bb5 34. Qxc4
Bxc4 35. Ne2 Bxe2 36. Kxe2 a4 37. Bd2 Bxd2 38. Kxd2 Rb8 39. Rc6 b3 40. axb3
Rxb3 41. Rxd6 a3 42. Ra6 Kf8 43. Ra7 Ke8 44. Ke2 Rb2+ 45. Ke3 a2 46. g3 Kd8 47.
e5 Rb3+ 48. Ke4 Rb4+ 49. Kd3 Rb3+ 50. Kc4 Rxf3 51. Rxa2 Rxg3 52. Kc5 Rb3 53.
Kc6 Rb8 54. Rh2 Ke7 55. Kc7 Ra8 56. Rc2 Ra7+ 57. Kc8 Ra8+ 58. Kb7 Rd8 59. Rc7+
Ke8 60. d6 h5 61. gxh5 gxh5 62. Kc6 Ra8 63. Re7+ Kd8 64. Rb7 Ke8 65. Rb4 Rc8+
66. Kd5 Rc1 67. Rb8+ Kd7 68. Rb7+ Ke8 69. Re7+ Kf8 70. e6 fxe6+ 71. Kxe6 Re1+
72. Kd7 Ra1 73. Re4 Kf7 74. Re5 h4 75. Rh5 Ra7+ 76. Kc8 Ra8+ 77. Kc7 Ra7+ 78.
Kc8 Ra8+ 79. Kb7 Ra4 80. Re5 h3 81. d7 h2 82. d8=Q h1=Q+ 83. Kb6 Qh6+ 84. Kc7
Rc4+ 85. Kb8 Rb4+ 86. Ka7 Ra4+ 87. Kb8 1/2-1/2

[Event "XXIX Miedzynarodowy Festiwal Szachowy CRACOVIA-2018 Grupa A"]
[Site "Krakow, Hotel Galaxy, ul. Gesia 22a"]
[Date "2018.12.29"]
[Round "3.25"]
[White "Kumala, Aleksander"]
[Black "Schreiner, Peter"]
[Result "0-1"]
[WhiteElo "2198"]
[BlackElo "2479"]
[PlyCount "108"]
[EventDate "2018.??.??"]

1. d4 Nf6 2. Bg5 d5 3. e3 Ne4 4. Bf4 c5 5. Bd3 Nf6 6. c3 Qb6 7. Qb3 c4 8. Qxb6
axb6 9. Bc2 Nc6 10. Na3 Ra5 11. Bc7 Nd7 12. Nf3 e6 13. Nb1 Ra7 14. Nbd2 b5 15.
e4 b4 16. O-O bxc3 17. bxc3 Be7 18. a4 O-O 19. Rfe1 Nf6 20. Ne5 Nxe5 21. Bxe5
Bd7 22. Rab1 Bc6 23. f3 Rfa8 24. Rb2 Kf8 25. h3 g6 26. Kf2 Nd7 27. Bf4 b6 28.
exd5 exd5 29. Bh6+ Ke8 30. Nf1 Kd8 31. Ne3 Ba3 32. Ra2 Bd6 33. Re2 b5 34. f4
bxa4 35. Kf3 Kc7 36. f5 a3 37. Bf4 Rb7 38. Bxd6+ Kxd6 39. Kf4 Nb6 40. Ng4 Re7
41. Rxe7 Kxe7 42. Ne5 Be8 43. Nf3 Nc8 44. Nd2 Nd6 45. Nb1 Nb5 46. fxg6 fxg6 47.
Ke5 Bf7 48. Bd1 g5 49. Bc2 h6 50. g3 Ra6 51. h4 Rf6 52. hxg5 hxg5 53. g4 Rf2
54. Nxa3 Na7 0-1

[Event "XXIX Miedzynarodowy Festiwal Szachowy CRACOVIA-2018 Grupa A"]
[Site "Krakow, Hotel Galaxy, ul. Gesia 22a"]
[Date "2018.12.29"]
[Round "3.30"]
[White "Mosesov, Danylo"]
[Black "Boino, Claudio"]
[Result "1-0"]
[Annotator "Leszek"]
[PlyCount "61"]
[EventDate "2018.??.??"]

{[WhiteElo "2343"] [BlackElo "2180"]} 1. e4 e5 2. Nf3 Nc6 3. Bb5 a6 4. Ba4 Nf6
5. O-O Be7 6. Re1 b5 7. Bb3 d6 8. c3 O-O 9. h3 Nb8 10. d4 Nbd7 11. c4 c6 12. c5
Qc7 13. cxd6 Bxd6 14. Nc3 Bb7 15. Bg5 Rad8 16. dxe5 Nxe5 17. Bxf6 gxf6 18. Nxe5
Bxe5 19. Qf3 Rd2 20. Rad1 Rfd8 21. Rxd2 Rxd2 22. Nd1 Bc8 23. Ne3 Bh2+ 24. Kh1
Be5 25. Rc1 Bxb2 26. Rc5 Bd4 27. Rh5 Bxe3 28. Qxe3 Rb2 29. e5 fxe5 30. Qg5+ Kf8
31. Rxh7 1-0